| 000 | 00845nam a2200301 a 4500 | ||
|---|---|---|---|
| 003 | AR-BaBNM | ||
| 005 | 20251128203208.0 | ||
| 008 | 082120s2002 ||||||||||||||000 | spa|| | ||
| 040 | _cAR-BaBNM | ||
| 100 | 1 | _aBarnard, H.C. | |
| 245 | 0 | 0 | _aA short history of English Education from 1760 to 1944 |
| 250 | _a1ª ed. | ||
| 260 |
_aLondon _bUniversity of London Press _c1947 |
||
| 300 | _axvii, 400 p. | ||
| 500 | _aApéndice p. 373-388 | ||
| 650 | 4 | _aHISTORIA DE LA EDUCACION | |
| 650 | 4 | _aENSEÑANZA UNIVERSITARIA | |
| 650 | 4 | _aFILOSOFIA DE LA EDUCACION | |
| 650 | 4 | _aPOLITICA EDUCATIVA | |
| 650 | 4 | _aECONOMIA DE LA EDUCACION | |
| 650 | 4 | _aEDUCACION DE LA MUJER | |
| 650 | 4 | _aEDUCACION DEL HOMBRE | |
| 651 | 4 | _aInglaterra | |
| 653 | _aEDUCACION PRIMARIA | ||
| 653 | _aEDUCACION SECUNDARIA | ||
| 942 | _cBK | ||
| 998 | _cCarmen | ||
| 999 |
_c2333 _d2333 |
||